Uruguay: derechos y cambio social. ¿Un país de izquierda? /
Guardado en:
| 主要作者: | |
|---|---|
| 格式: | 圖書 |
| 語言: | Spanish |
| 標簽: |
添加標簽
沒有標簽, 成為第一個標記此記錄!
|
MARC
| LEADER | 00000nam a22000007a 4500 | ||
|---|---|---|---|
| 003 | cru CIDCACS/IIS | ||
| 005 | 20170405153917.0 | ||
| 007 | ta | ||
| 008 | 170405e2016 ag ||||| |||| 00| 0 spa d | ||
| 040 | |c cru CIDCACS/IIS | ||
| 100 | 1 | |9 3950 |a Lissidini, Alicia | |
| 245 | 1 | |a Uruguay: |b derechos y cambio social. ¿Un país de izquierda? / |c Alicia Lissidini | |
| 300 | |a páginas 98-112 : |b tablas | ||
| 773 | 0 | |0 19022 |9 586 |a Fundación Friedrich Ebert |d Fundación Friedrich Ebert; Nueva Sociedad |o R19229 |t Nueva Sociedad / | |
| 942 | |2 ddc |c PP | ||
| 999 | |c 19134 |d 19134 | ||
